Boys and Girls Names that start with Q - Statistics

General Stats
  • This quiz has been taken 200 times
  • The average score is 3 of 7
Answer Stats
Answer % Correct
Quinn
83%
Quentin
77%
Queenie
67%
Quincy
59%
Quade
15%
Quiana
13%
Quinlan
10%
No matching quizzes found
Score Distribution
Percent of People with Each Score
Percentile by Number Answered
Your Score History
You have not taken this quiz